Faculty of Law Library — Cairo University

Official Online Catalog

Criminal procedure : (Record no. 54827)

MARC details
000 -LEADER
fixed length control field 02233cac a2200361 i 4500
003 - CONTROL NUMBER IDENTIFIER
control field EG-GICUC
005 - DATE AND TIME OF LATEST TRANSACTION
control field 20260308104036.0
008 - FIXED-LENGTH DATA ELEMENTS--GENERAL INFORMATION
fixed length control field 040213s2005 nju fr 001 0 eng d
020 ## - INTERNATIONAL STANDARD BOOK NUMBER
International Standard Book Number 0130987603
020 ## - INTERNATIONAL STANDARD BOOK NUMBER
International Standard Book Number 9780130987600
040 ## - CATALOGING SOURCE
Original cataloging agency DLC
Transcribing agency DLC
Modifying agency DLC
-- EG-GICUC
Language of cataloging eng
Description conventions rda
043 ## - GEOGRAPHIC AREA CODE
Geographic area code n-us---
050 00 - LIBRARY OF CONGRESS CALL NUMBER
Classification number KF9619
Item number .I544 2005
082 00 - DEWEY DECIMAL CLASSIFICATION NUMBER
Classification number 343.3.073
Edition number 21
092 04 - LOCALLY ASSIGNED DEWEY CALL NUMBER (OCLC)
Edition number 21
099 ## - LOCAL FREE-TEXT CALL NUMBER (OCLC)
Classification number Law 10 2005
100 1# - MAIN ENTRY--PERSONAL NAME
Personal name Ingram, Jefferson.
245 10 - TITLE STATEMENT
Title Criminal procedure :
Remainder of title theory and practice /
Statement of responsibility, etc. Jefferson Ingram.
250 ## - EDITION STATEMENT
Edition statement 1st edition.
264 ## - PRODUCTION, PUBLICATION, DISTRIBUTION, MANUFACTURE, AND COPYRIGHT NOTICE
Place of production, publication, distribution, manufacture Upper Saddle River, N.J. :
Name of producer, publisher, distributor, manufacturer Prentice Hall,
Date of production, publication, distribution, manufacture, or copyright notice 2005.
300 ## - PHYSICAL DESCRIPTION
Extent xl, 503 p. ;
Dimensions 26 cm.
Other physical details illustrations,
336 ## - CONTENT TYPE
Content type term text
Content type code txt
Source rdacontent
337 ## - MEDIA TYPE
Media type term Computer
Media type code n
Source rdamedia
338 ## - CARRIER TYPE
Carrier type term Online Resource
Carrier type code nc
Source rdacarrier
500 ## - GENERAL NOTE
General note Includes index.
505 0# - FORMATTED CONTENTS NOTE
Formatted contents note Fourth Amendment standards : probable cause to search, searches, warrants, and exceptions to the legal requirements -- The concept of stop and frisk -- Arrest and seizure of the person -- Fourth Amendment searches and seizures : houses, persons, motor vehicles, and effects -- Special problem searches : administrative, inventory, school, airport, and work searches -- Principles of the exclusionary rule : remedies and exceptions to constitutional violations -- Miranda principles : Fifth and Sixth Amendment influences on police practice -- Confession and the privilege against self-incrimination -- Identification procedures : constitutional considerations -- The decision to prosecute : indictment and information -- Plea bargaining and guilty pleas : constitutional standards -- Pretrial criminal procedure : preliminary hearing, bail, right to counsel, speedy trial, double jeopardy, and collateral estoppel -- The trial : constitutional rights and trial practice : jury trial, right to counsel, due process, and equal protection -- Appellate practice and other post-trial remedies.
650 #0 - SUBJECT ADDED ENTRY--TOPICAL TERM
Topical term or geographic name entry element Criminal procedure
Geographic subdivision United States.
650 #0 - SUBJECT ADDED ENTRY--TOPICAL TERM
Topical term or geographic name entry element Civil rights
Geographic subdivision United States.
856 41 - ELECTRONIC LOCATION AND ACCESS
Uniform Resource Identifier <a href="https://fll.law.cu.edu.eg/fulltext/bks/ENGB10-00158.pdf">https://fll.law.cu.edu.eg/fulltext/bks/ENGB10-00158.pdf</a>
856 41 - ELECTRONIC LOCATION AND ACCESS
Materials specified Table of contents
Uniform Resource Identifier <a href="http://www.loc.gov/catdir/toc/ecip0415/2004003622.html">http://www.loc.gov/catdir/toc/ecip0415/2004003622.html</a>
905 ## - Cataloger and Reviser Names
Cataloger Name: Hend El khosy
942 ## - ADDED ENTRY ELEMENTS (KOHA)
Source of classification or shelving scheme Dewey Decimal Classification
Koha item type Books
Edition 21
Suppress in OPAC No
Holdings
Withdrawn status Lost status Source of classification or shelving scheme Damaged status Not for loan Collection Home library Current library Date acquired Total checkouts Full call number Barcode Date last seen Copy number Price effective from Koha item type Public note
    Dewey Decimal Classification     القانون الجنائي جــــامعة القــاهرة مكتبة كلية الحقوق - فـرع الشيخ زايد 06.01.2026   Law2 10 343.3073 IN . C 2005 1000158 C1 ENGB10-00158 06.01.2026 1 06.01.2026 Books 2145

© All rights reserved — Faculty of Law, Cairo University